00686nam a2200205Ia 4500952015900000999001700159003000400176005001700180008004100197020001800238040000900256082001800265100002900283245005700312250001200369260003100381300000900412650001700421942004200438 00102ddc40708COMPUTER SCIENCEaMESbMEScCOMPd2019-02-20g3695.00l6m4o003.54 MOL/Ip39336r2022-02-14 00:00:00s2022-02-11w2019-02-20yBKzGL30R1 c32480d32480OSt20201008112030.0190216s9999||||xx |||||||||||||| ||und|| a9781584886181 coclc a003.54bMOL/I a Mollin, Richard A93865 3aAn Introduction To Cryptography /cRichard A Mollin a2nd Ed. bCrc Press,c2015.aLondon: a414p aMathe Matics cBK2ddch003.54iMOL/Ik003.54mMOL/I